Historia cultural de los argentinos : tomo ii :
Guardado en:
| Autor Principal: | |
|---|---|
| Formato: | Libro |
| Publicado: |
Buenos Aires :
Troquel,
1975
|
| Materias: | |
| Etiquetas: |
Agregar Etiqueta
Sin Etiquetas, Sea el primero en etiquetar este registro!
|
| LEADER | 00986nam a22001935a 4500 | ||
|---|---|---|---|
| 001 | CEM.cems009533 | ||
| 005 | 20080901101828.0 | ||
| 008 | 130507s1975##################000#0#####d | ||
| 003 | CEMS | ||
| 082 | 0 | 4 | |a 982 |
| 100 | 1 | |a Ibañez, José Luis Cosmelli | |
| 245 | 1 | 0 | |a Historia cultural de los argentinos : |b tomo ii : |c José Luis Cosmelli Ibañez |
| 260 | |a Buenos Aires : |b Troquel, |c 1975 | ||
| 300 | |a 640 p. | ||
| 505 | 0 | |a La arquitectura -- La literatura -- La pintura -- La escultura -- Las ciencias naturales -- Las ciencias exactas y los estudios geográficos -- La medicina -- La filosofía -- La historiografía -- Las academias nacionales y los museos históricos -- La educación -- La imprenta -- El periodismo -- Los bibliógrafos y las bibliotecas -- El arte escénico -- La música -- El folklore | |
| 653 | |a Historia argentina | ||
| 653 | |a Argentina precolombina | ||
| 653 | |a Historia de la cultura argentina | ||
| 859 | |a CEMS |b BIB. CEMS - 11 de abril |h 982 |i Ib1 |p 7849.80 |t Ej.1 |v II |3 II | ||
